000 00342 a2200157 4500
001 154064
040 _cEscola São Tomás de Aquino
100 _aAMADO, Jorge
240 1 0 _aMar morto
_lpor
245 1 0 _aMar morto
300 _a285
362 0 _a2008
440 1 _aCompanhia das Letras
697 _aLITERATURA BRASILEIRA
942 _cBK
999 _c154064
_d154064